Estatísticas para Elite

Clique aqui para jogar o quiz

Estatísticas Gerais

  • Esse quiz foi jogado 50 vezes
  • A pontuação média é 9 de 13

Estatísticas das Respostas

HintResposta% Correto
Que personagem tem duas mães?Polo
98%
Quem é o irmão de Nádia?Omar
95%
Quem matou Polo?Lucrécia
93%
Quem é o filho da diretora do colégio?Ander
91%
Quem era o irmão do namorado da Marina?Samuel
91%
Qual era a cor do hijab que o Guzmán oferece á Nádia?Rosa
81%
Com que objeto Polo matou Marina?Troféu
77%
Que doença tinha Marina?HIV
72%
Com quem Lu tem um romance secreto e proibido?Valério
67%
Quem foi preso pelo assassinato de Marina?Nano
60%
Para que país mandaram Christian tratar-se?Suíça
40%
Quem foi a primeira pessoa a descobrir que a Cayetana era filha da empregada de limpeza?Rebeka
37%
Qual é a origem da Nádia?Muçulmana
35%

Distribuição das Pontuações

Percentil de Números Respondidos

Porcentagem de Pessoas com Cada Pontuação

Sua Pontuação Histórica

Você não jogou esse quiz